| 000 | 01489cam a2200373 a 4500 | ||
|---|---|---|---|
| 001 | 13858066 | ||
| 003 | OSt | ||
| 005 | 20140310182247.0 | ||
| 008 | 050201s2005 nyub c 000 1 eng | ||
| 010 | _a 2005002874 | ||
| 020 | _a0439441722 | ||
| 020 | _a9780439441711 | ||
| 035 | _a(OCoLC)ocm57652168 | ||
| 040 |
_aDLC _cDLC _dIG# _dBAKER _dDPL _dXY4 _dIXA _dEHH _dDLC |
||
| 042 |
_alcac _alcac |
||
| 050 | 0 | 0 |
_aPZ 7 _b.P61464 2006 |
| 082 |
_aFIC _bP61w 2006 |
||
| 100 | 1 |
_aPierce, Tamora. _919642 |
|
| 245 | 1 | 4 |
_aThe will of the empress / _cTamora Pierce. |
| 250 | _a1st ed. | ||
| 260 |
_aNew York : _bScholastic Press, _c2006. |
||
| 300 |
_a550 p. : _c21 cm. |
||
| 520 | _aOn visit to Namorn to visit her vast landholdings and her devious cousin, Empress Berenene, eighteen-year-old Sandry must rely on her childhood friends and fellow mages, Daja, Tris, and Briar, despite the distance that has grown between them. | ||
| 541 | _j1 | ||
| 650 | 1 |
_aMagic _vFiction. _919643 |
|
| 650 | 1 |
_aCourts and courtiers _vFiction. _919644 |
|
| 650 | 1 |
_aKings, queens, rulers, etc. _vFiction. _919645 |
|
| 650 | 1 |
_aFriendship _vFiction. _919646 |
|
| 650 | 1 |
_aFantasy. _93293 |
|
| 856 | 4 | 2 |
_3Publisher description _uhttp://www.loc.gov/catdir/enhancements/fy1115/2005002874-d.html |
| 906 |
_a7 _bcbc _corignew _d1 _eecip _f20 _gy-gencatlg |
||
| 942 |
_2lcc _cBK-FIC _kFIC |
||
| 999 |
_c11273 _d11273 |
||